Statistics for Who did that DnB 2010s song?

Click here to take the quiz!

General Stats

  • This quiz has been taken 35 times
  • The average score is 13 of 45

Answer Stats

YearSong NameBand or Artist% Correct
2017TourMacky Gee
73%
2013AfterglowWilkinson
73%
2010WatercolourPendulum
70%
2019Solar SystemSub Focus
70%
2017All Goes WrongChase & Status ft. Tom Grennan
63%
2017GeneratorDimension
60%
2012PuppyNetsky
57%
2015Nobody to LoveSigma
53%
2014Universal LanguageMetrik
50%
2019Full Send1991
47%
2016White Flag VIPDelta Heavy
47%
2016UltravioletFred V & Grafix
47%
2017EmberCamo & Krooked
43%
2016Into DustNoisia
43%
2019Days Go By (2019 Mix)High Contrast
40%
2018BruisesFox Stevenson
37%
2012Ghost AssassinMaduk ft. Veela
37%
2010Beautiful LiesB-Complex
30%
2019The MusicKove
30%
2012LostHybrid Minds
27%
2011ReachTantrum Desire
27%
2016Mr MajesticCalibre
23%
2016ShagDossa & Locuzzed
23%
2014Face DownFeint
20%
2019Running in the DarkPola & Bryson ft. Ruth Royall
20%
2015Sunlight SplintersEtherwood
17%
2018NightingaleHugh Hardie
13%
2018The TempleRaise Spirit
13%
2012DeadStan SB
13%
2014Don't Let Me GoThe Prototypes ft. Amy Pearson
13%
2015DawningMonrroe ft. Emily Jones
10%
2016ParallelTechnimatic ft. Zara Kershaw
10%
2018HomeTelomic ft. Laura Brehm
10%
2019TensionBlaine Stranger
7%
2015KytheraDawn Wall
7%
2014Paper FacesLenzman ft. Martyna Baker
7%
2011MeteoritesLondon Elektricity
3%
2015About TonightLSB
3%
2012Magnetic EyesMatrix & Futurebound
3%
2018Don't WaitMohican Sun
3%
2017NovaNu:Logic
3%
2018Wubba LubbaProxima
3%
2013Under The SunSeba
3%
2011Starting OverBlu Mar Ten
0%
2015Why So SeriousJoe Ford ft. Linguistics
0%

Score Distribution

Percentile by Number Answered

Percent of People with Each Score

Your Score History

You have not taken this quiz